000 00550nam a2200217Ia 4500
003 OSt
005 20220928145612.0
006 a|||||r|||| 00| 0
007 ta
008 220927b |||||||| |||| 00| 0 eng d
024 _a81472
037 _cTextual
040 _aSDCL
_cSDCL
_beng
041 _2eng
_aeng
082 _aV55:24'N1, L3
100 _aBerghahn V R
_9513675
245 0 _aGermany and the approach of war in 1914.
260 _c1973
942 _hV55:24'N1, L3
_cTEXL
_2CC
999 _c834322
_d834322